| 000 | 01419nam a2200265 a 4500 | ||
|---|---|---|---|
| 005 | 20110401160017.0 | ||
| 010 | _aB-425055 | ||
| 020 |
_a8173052115 _c1800.00 |
||
| 035 | _aB-425055 | ||
| 037 | _bResearchco Book Centre | ||
| 082 | _a757.0954 | ||
| 100 | 1 |
_aOhri, Vishwa Chander _932146 |
|
| 245 | 1 | 4 |
_aThe technique of Pahari painting : _ban inquiry into aspects of materials, methods, and history based upon observation and field-work / _cby Vishwa Chander Ohri |
| 260 |
_bIndian Institute of Advanced Study ; _aNew Delhi _bAryan Books International, _c2001 |
||
| 270 |
_aPooja Apartments, 4B, Ansari Road, Darya Ganj _bNew Delhi _e110002 |
||
| 300 |
_axx, 148 p. : _bill. (some col.) _c30 cm(Hb) |
||
| 504 | _aIncludes bibliographical references | ||
| 650 | 0 |
_aPahari painting _zIndia _zHimachal Pradesh _xTechnique. _932147 |
|
| 650 | 0 |
_aMiniature painting, Indic _xTechnique. _932148 |
|
| 650 | 0 |
_aPainting, Indic _zIndia _zHimachal Pradesh _xTechnique. _932149 |
|
| 710 | 2 |
_aIndian Institute of Advanced Study. _926972 |
|
| 942 |
_2ddc _cEN _mOHR _h757.0954 |
||
| 999 |
_c51377 _d51377 |
||